| 000 | 00000nam##2200000za#4500 |
| 001 | 9.700371 |
| 003 | CaOODSP |
| 005 | 20210625000814 |
| 007 | cr ||||||||||| |
| 008 | 150407|2002||||xxc|||||o f|0| 0 eng|d |
| 040 | |aCaOODSP|beng |
| 043 | |an-cn--- |
| 086 | 1 |aA22-246/2002E-PDF |
| 110 | 1 |aCanada. |bAgriculture and Agri-Food Canada. |
| 245 | 10|aCanadian rural partnership : |h[electronic resource]|bpilot projects – success stories and lessons learned / |cIssued by the Canadian Rural Partnership Pilot Projects Initiative. |
| 260 | |aOttawa - Ontario : |bAgriculture and Agri-Food Canada |c2002. |
| 300 | |a24p.|bcoloured illus. |
| 500 | |aHistorical publication digitized by Agriculture and Agri-Food Canada. |
| 590 | |a15-03-Supp|b2015-03-13 |
| 775 | 08|tPartenariat rural canadien : |w(CaOODSP)9.644268 |
| 856 | 40|ahttp://publications.gc.ca|qPDF|s3466 KB|uhttps://publications.gc.ca/collections/collection_2015/aac-aafc/A22-246-2002-eng.pdf |
| 986 | |aPublication 2115/B |